Welcome to the Holygrace Academy Library

Please use search bar below to get started

COMPANION CHEMISTRY (Record no. 686)

MARC details
000 -LEADER
fixed length control field 00296nam a22001217a 4500
020 ## - INTERNATIONAL STANDARD BOOK NUMBER
ISBN 978-81-7608-510-6
082 ## - DEWEY DECIMAL CLASSIFICATION NUMBER
Classification number 540
Item number MAL/C
100 ## - MAIN ENTRY--AUTHOR NAME
Personal name S.K.MALHOTRA
245 ## - TITLE STATEMENT
Title COMPANION CHEMISTRY
Remainder of title CLASS XII
260 ## - PUBLICATION, DISTRIBUTION, ETC. (IMPRINT)
Place of publication JALANDHAR
Name of publisher S.DINESH & CO
650 ## - SUBJECT ADDED ENTRY--TOPICAL TERM
Topical Term CHEMISTRY FOR CLASS XII
Geographic subdivision INDIA
942 ## - ADDED ENTRY ELEMENTS (KOHA)
Koha item type Books
Holdings
Withdrawn status Lost status Collection code Home library Current library Shelving location Date acquired Source of acquisition Full call number Accession Number Koha item type Cost, normal purchase price
    Reference Main Library Main Library SHELF-9 C XII CHEMISTRY 17/04/2013 purchase 540 MAL/C 07098 Books  
    Reference Main Library Main Library SHELF-9 C XII CHEMISTRY 13/08/2011 purchase 540 MAL/C 05972 Books 855.00
    Reference Main Library Main Library SHELF-9 C XII CHEMISTRY 18/06/2011 purchase 540 MAL/C 05952 Books  
    Reference Main Library Main Library SHELF 9 D PLUS 2 CHEMISTRY 17/04/2013 purchase 540 MAL/C 07097 Books